000 00394nam a2200169Ia 4500
008 230711s9999||||xx |||||||||||||| ||und||
041 _aENG
082 _a800
_bBE-T
100 _aBegley W.E
245 0 _aTaj Mahal the illuminal tomb
250 _a1st Ed.
260 _c1989
_aNew York
_bUniversity Science Press
300 _a320
650 _aLiterature
700 _aDesai ZA
942 _cBK
999 _c766
_d766